000 00337nam a2200157Ia 4500
003 OSt
005 20231211075726.0
008 170524s9999 xx 000 0 und d
020 _a1-25-902854-2
040 _ciimt
100 _aLUTHANS FRED
100 _c2012
245 0 _aINTERNATIONAL MANAGEMENT
260 _aTMH
942 _2ddc
_c02
999 _c2761
_d2761